000
00327nam a2200145Ia 4500
100
_a
Brick/ R.M.
650
_a
Chemistry
942
_c
RB
654
_a
alloys
245
_a
Structure and properties of alloys
260
_b
Eurasia publishing house
_a
New Delhi
_c
1966
082
_a
669.9
300
_a
503
546
_a
ENGLISH
999
_c
19190
_d
19190